000
00253 a2200121 4500
001
142418
040
_c
Leonardo Da Vinci
041
_a
Português
082
_a
v159
245
_a
OS SEGREDOS do corpo
697
_a
Biologia
_a
Corpo Humano
942
_c
VM
999
_c
142418
_d
142418